[Event "AUTO-OPEN-1328"]
[Site "http://www.queenalice.com/game.php?id=570088"]
[Date "2009.4.11"]
[Round "2"]
[White "cleonn"]
[Black "Rimp"]
[Result "0-1"]
[WhiteElo "2017"]
[BlackElo "2029"]

1. e4 c5 2. Nf3 d6 3. d4 cxd4 4. Nxd4 Nf6 5. Nc3 a6 6. Bg5 e6 7. f4 Be7 8. Qf3
Qc7 9. O-O-O Nc6 10. Nxc6 bxc6 11. e5 dxe5 12. fxe5 Nd5 13. Bxe7 Qxe7 14. Ne4
O-O 15. Bd3 Bb7 16. Qh3 h6 17. Rhf1 c5 0-1

[Event "AUTO-OPEN-1328"]
[Site "http://www.queenalice.com/game.php?id=619214"]
[Date "2009.7.15"]
[Round "3"]
[White "rafaelalves"]
[Black "Rimp"]
[Result "0-1"]
[WhiteElo "1874"]
[BlackElo "2045"]

1. d4 Nf6 2. e3 e6 3. Be2 d5 4. Nf3 c5 5. O-O Nc6 6. Bb5 a6 7. Bxc6+ bxc6 8. c3
cxd4 9. cxd4 Bd6 10. Qa4 Qc7 11. Bd2 Bb7 12. Ba5 Qe7 13. Nbd2 O-O 14. Rac1 Rfc8
15. Rc2 c5 16. Rfc1 cxd4 17. Nxd4 Rxc2 18. Rxc2 Rc8 19. Nc6 Qe8 20. Ne7+ Qxe7
21. Rxc8+ Bxc8 22. Nb3 Ne4 23. f3 Bd7 24. Qd4 Qh4 25. fxe4 Bxh2+ 26. Kf1 Bb5+
0-1

[Event "AUTO-OPEN-1328"]
[Site "http://www.queenalice.com/game.php?id=619215"]
[Date "2009.7.15"]
[Round "3"]
[White "Rimp"]
[Black "rafaelalves"]
[Result "1-0"]
[WhiteElo "2054"]
[BlackElo "1865"]

1. d4 e6 2. c4 d5 3. Nf3 Be7 4. e3 Nf6 5. Nc3 O-O 6. Bd3 c5 7. O-O b6 8. cxd5
exd5 9. dxc5 bxc5 10. b3 Ba6 11. Bxa6 Nxa6 12. a4 Nb4 13. Ba3 a5 14. Bxb4 axb4
15. Ne2 Ne4 16. Rc1 Rc8 17. Nd2 f5 18. Nxe4 fxe4 19. Qc2 Qd6 20. Rfd1 Qf6 21.
Nf4 d4 22. Nd5 Qh4 23. g3 d3 24. Qc4 Qh5 25. Nf6+ Kh8 26. Nxh5 g6 27. Nf4 g5 28.
Ne6 Rf6 29. Nxg5 Rcf8 30. Nxe4 Rf5 31. Rxd3 h5 32. Rd5 h4 33. Rxf5 Rxf5 34. Qe6
1-0

[Event "AUTO-OPEN-1743"]
[Site "http://www.queenalice.com/game.php?id=675389"]
[Date "2009.10.31"]
[Round "1"]
[White "Rimp"]
[Black "Montfort"]
[Result "1-0"]
[WhiteElo "2077"]
[BlackElo "1924"]

1. d4 e6 2. c4 Nf6 3. Nf3 b6 4. e3 Bb7 5. Be2 Bb4+ 6. Bd2 Bxd2+ 7. Nbxd2 d6 8.
O-O Nbd7 9. b4 a5 10. b5 e5 11. dxe5 Nxe5 12. Nxe5 dxe5 13. Qc2 O-O 14. Rfd1 Qe7
15. g3 Qe6 16. Bf1 Rad8 17. Bg2 Bxg2 18. Kxg2 Qg4 19. Nf3 e4 20. Ne5 Qf5 21. Nc6
Qf3+ 22. Kg1 Rde8 23. Rd2 Re6 24. Rad1 Ng4 25. Rd8 Nxh2 26. Rxf8+ Kxf8 27. Rd8+
1-0

[Event "AUTO-OPEN-1743"]
[Site "http://www.queenalice.com/game.php?id=675390"]
[Date "2009.10.31"]
[Round "1"]
[White "Montfort"]
[Black "Rimp"]
[Result "0-1"]
[WhiteElo "1935"]
[BlackElo "2066"]

1. c4 e5 2. Nc3 Nf6 3. Nf3 Nc6 4. g3 d5 5. cxd5 Nxd5 6. Bg2 Nb6 7. d3 Be7 8. O-O
O-O 9. Bd2 Be6 10. Rc1 f5 11. h4 h6 12. Kh2 Qd7 13. Qc2 a6 14. e4 Bd6 15. exf5
Bxf5 16. Rfe1 Bg4 17. Ng1 Nd4 18. Qb1 Nf3+ 19. Nxf3 Bxf3 20. Ne4 Bxe4 21. dxe4
Rxf2 22. Be3 Rf7 23. Rf1 Raf8 24. Bxb6 cxb6 25. Qd3 Rxf1 0-1

[Event "AUTO-OPEN-1743"]
[Site "http://www.queenalice.com/game.php?id=675391"]
[Date "2009.10.31"]
[Round "1"]
[White "Rimp"]
[Black "MrGreen"]
[Result "1-0"]
[WhiteElo "2098"]
[BlackElo "1941"]

1. Nf3 Nf6 2. d4 d5 3. e3 g6 4. c4 c6 5. Nc3 Bg7 6. Bd3 O-O 7. O-O Bg4 8. h3 Bh5
9. cxd5 cxd5 10. Be2 Nc6 11. Bd2 Bxf3 12. Bxf3 e6 13. a3 Rc8 14. Rc1 h6 15. b4
Ne7 16. Qb3 Nf5 17. g3 Nd6 18. Kh2 Nc4 19. Rfd1 a6 20. Rc2 b5 21. Bc1 Qd7 22.
Bb2 Rc6 23. Rdc1 Rfc8 24. Ba1 Qd8 25. a4 Qd7 26. a5 R6c7 27. Bg2 1-0

[Event "AUTO-OPEN-1743"]
[Site "http://www.queenalice.com/game.php?id=675392"]
[Date "2009.10.31"]
[Round "1"]
[White "MrGreen"]
[Black "Rimp"]
[Result "0-1"]
[WhiteElo "1952"]
[BlackElo "2087"]

1. e4 c5 2. Nc3 d6 3. Nf3 Nf6 4. g3 Nc6 5. Bg2 Bg4 6. O-O e6 7. d3 Nd4 8. Re1
Be7 9. h3 Nxf3+ 10. Bxf3 Bxf3 11. Qxf3 Qd7 12. a4 O-O 13. a5 h6 14. Bd2 a6 15.
Na4 Qb5 16. Nb6 Rab8 17. Bc3 Nd7 18. Nxd7 Qxd7 19. Qg4 g6 20. Rad1 h5 21. Qf3 e5
22. Qg2 b5 23. axb6 Rxb6 24. Rf1 Kh7 25. f4 Bf6 26. b3 Rbb8 0-1

[Event "AUTO-MASTER-1041"]
[Site "http://www.queenalice.com/game.php?id=730382"]
[Date "2010.2.11"]
[Round "1"]
[White "ylisavbots"]
[Black "Rimp"]
[Result "0-1"]
[WhiteElo "2188"]
[BlackElo "2092"]

1. e4 c5 2. Nf3 d6 3. Bb5+ Bd7 4. Bc4 Nf6 5. Nc3 e6 6. d3 Nc6 7. a4 Be7 8. O-O
O-O 9. Ne2 Na5 10. Ba2 b5 11. axb5 Bxb5 12. Bd2 Nc6 13. Ne1 a5 14. f4 Qb6 15.
Kh1 Ba6 16. Bc1 Bb7 17. f5 exf5 18. Rxf5 Nd7 19. Nf3 Bf6 20. c3 Nde5 21. Nf4 Ne7
0-1

[Event "AUTO-MASTER-1041"]
[Site "http://www.queenalice.com/game.php?id=730383"]
[Date "2010.2.11"]
[Round "1"]
[White "Rimp"]
[Black "ylisavbots"]
[Result "1-0"]
[WhiteElo "2109"]
[BlackElo "2173"]

1. d4 d5 2. c4 Nf6 3. Nf3 g6 4. e3 Bg7 5. Bd3 O-O 6. O-O dxc4 7. Bxc4 Bg4 8. h3
Bxf3 9. Qxf3 c6 10. a3 Nbd7 11. Nc3 e5 12. Rd1 Qe7 13. b4 a5 14. bxa5 Rxa5 15.
Bb2 e4 16. Qe2 Nd5 17. Nxd5 cxd5 18. Bb3 Qd6 19. Rdc1 Qb6 20. Rc3 Rb5 21. Qc2
Nb8 22. a4 1-0

[Event "AUTO-MASTER-1041"]
[Site "http://www.queenalice.com/game.php?id=730398"]
[Date "2010.2.11"]
[Round "1"]
[White "TheBigSid"]
[Black "Rimp"]
[Result "1/2-1/2"]
[WhiteElo "2191"]
[BlackElo "2128"]

1. d4 Nf6 2. c4 e6 3. Nf3 d5 4. Nc3 Be7 5. e3 c6 6. Bd3 O-O 7. O-O c5 8. cxd5
exd5 9. a3 cxd4 10. Nxd4 Nc6 11. b4 Nxd4 12. exd4 a6 13. Bg5 b5 14. Rc1 Bb7 15.
Re1 Re8 16. Bf5 Nd7 17. Bf4 Nb6 18. Qg4 g6 19. Bd3 Bf6 20. Ne2 Rc8 21. Rxc8 Bxc8
22. Qf3 Bb7 23. Rc1 Nc4 24. Rc3 Qe7 25. h3 Kg7 26. Kh2 Kg8 27. g4 Kg7 28. Bg3
Rd8 29. Qf4 Rd7 30. Kg2 1/2-1/2

[Event "AUTO-MASTER-1041"]
[Site "http://www.queenalice.com/game.php?id=730399"]
[Date "2010.2.11"]
[Round "1"]
[White "Rimp"]
[Black "TheBigSid"]
[Result "0-1"]
[WhiteElo "2106"]
[BlackElo "2109"]

1. Nf3 d5 2. d4 Nf6 3. e3 Bg4 4. c4 e6 5. cxd5 exd5 6. Be2 c6 7. O-O Bd6 8. Nc3
O-O 9. a3 Re8 10. Qc2 Nbd7 11. b4 a6 12. Bb2 Qc7 13. g3 h5 14. h4 Bxg3 15. fxg3
Qxg3+ 0-1

[Event "AUTO-MASTER-1041"]
[Site "http://www.queenalice.com/game.php?id=730408"]
[Date "2010.2.11"]
[Round "1"]
[White "animis"]
[Black "Rimp"]
[Result "0-1"]
[WhiteElo "1948"]
[BlackElo "2125"]

1. d4 Nf6 2. c4 e6 3. Nc3 d5 4. Nf3 c5 5. e3 Nc6 6. Be2 Bd6 7. O-O O-O 8. Nb5
Be7 9. b3 a6 10. Nc3 dxc4 11. bxc4 cxd4 12. exd4 b6 13. h3 Bb7 14. Be3 Qd7 15.
Rb1 Qc7 16. Re1 h6 17. d5 exd5 18. cxd5 Ne5 19. Nxe5 Qxe5 20. Bd4 Qc7 21. Rxb6
Rfd8 22. Bf3 Nxd5 23. Nxd5 Bxd5 24. Qa4 Bxf3 25. gxf3 Rxd4 26. Qb3 Rd7 27. Rb1
Bf6 28. Qa4 Bd4 29. Rb7 Qg3+ 30. Kh1 Qxf3+ 31. Kg1 Bxf2+ 32. Kh2 Qg3+ 0-1

[Event "AUTO-MASTER-1041"]
[Site "http://www.queenalice.com/game.php?id=730409"]
[Date "2010.2.11"]
[Round "1"]
[White "Rimp"]
[Black "animis"]
[Result "1-0"]
[WhiteElo "2132"]
[BlackElo "1933"]

1. Nf3 c5 2. e4 Nc6 3. Bb5 d6 4. Nc3 e6 5. d4 cxd4 6. Nxd4 Bd7 7. Nxc6 bxc6 8.
Be2 Be7 9. O-O Nf6 10. Bf4 Qc7 11. Qd2 O-O 12. Rad1 Rfd8 13. Bxd6 Bxd6 14. Qxd6
Qb7 15. b3 Be8 16. Qc5 Rac8 17. f4 Qb6 18. Qxb6 axb6 19. e5 Nd5 20. Nxd5 cxd5
21. Rd2 Ra8 22. a4 Rdc8 23. Rc1 Ra5 24. c4 Rac5 25. Rdc2 b5 26. axb5 Bxb5 27.
Bd3 dxc4 28. bxc4 Be8 29. h4 h6 30. Kh2 Kf8 31. Kh3 Ke7 32. g3 Bc6 33. Ra2 Rc7
34. Rb1 Bf3 35. Rf2 Bb7 36. Rc2 f5 37. Rb4 h5 38. Ra2 g6 39. Be2 Be4 40. Kh2
R5c6 41. Kg1 Rc5 42. Kf2 Kd7 43. Ke3 Bc6 44. Rb8 Ke7 45. Kd4 Bd7 46. Rb4 Be8 47.
Ra8 Rc8 48. Rxc8 Rxc8 49. Rb7+ Bd7 50. c5 Kd8 51. Bf3 Rc7 52. Rb8+ Bc8 53. Ra8
Ke7 54. c6 Kd8 55. Kc5 Re7 56. Kd6 Rc7 57. Be2 Rg7 58. Ba6 Rc7 59. Bxc8 1-0

[Event "AUTO-OPEN-1743"]
[Site "http://www.queenalice.com/game.php?id=746445"]
[Date "2010.3.15"]
[Round "2"]
[White "Rimp"]
[Black "afonso092"]
[Result "1/2-1/2"]
[WhiteElo "2130"]
[BlackElo "1948"]

1. Nf3 d6 2. d4 h6 3. c4 Nf6 4. e3 Bg4 5. Be2 e6 6. Nc3 Be7 7. O-O O-O 8. b4 a6
9. a3 Nbd7 10. Bb2 Rb8 11. h3 Bh5 12. Qc2 Bg6 13. Bd3 Bxd3 14. Qxd3 Nh7 15. Ne4
d5 16. cxd5 exd5 17. Nc5 Ng5 18. Nxg5 Bxg5 19. Qf5 Nxc5 20. dxc5 c6 21. Rfd1 Qc8
22. Qf3 Qe6 23. Bd4 f5 24. Re1 Bf6 25. a4 Qe4 26. Qd1 Bh4 27. g3 Bf6 28. Bxf6
Rxf6 29. Qd4 Qxd4 30. exd4 Kf7 31. Re2 1/2-1/2

[Event "AUTO-OPEN-1743"]
[Site "http://www.queenalice.com/game.php?id=746446"]
[Date "2010.3.15"]
[Round "2"]
[White "afonso092"]
[Black "Rimp"]
[Result "0-1"]
[WhiteElo "1903"]
[BlackElo "2123"]

1. e4 c5 2. Nf3 d6 3. h3 Nf6 4. Nc3 a6 5. d4 cxd4 6. Nxd4 e6 7. Nf3 Nc6 8. a3 h6
9. Bd3 Be7 10. O-O O-O 11. Nh2 b5 12. Ng4 Nxg4 13. Qxg4 Kh8 14. Be3 Ne5 15. Qh5
Nxd3 16. cxd3 Bb7 17. f4 Bf6 18. Bd2 Qb6+ 19. Kh1 Qc5 20. Qf3 Rac8 21. Rac1 Qb6
22. Qh5 Qd8 23. Rf3 Rc5 24. Qg4 Qc8 25. Rg3 Rg8 26. Qh5 Rxh5 0-1

[Event "AUTO-OPEN-1743"]
[Site "http://www.queenalice.com/game.php?id=801955"]
[Date "2010.7.11"]
[Round "3"]
[White "merth"]
[Black "Rimp"]
[Result "1-0"]
[WhiteElo "2424"]
[BlackElo "2135"]

1. e4 c5 2. Nf3 d6 3. d4 cxd4 4. Nxd4 Nf6 5. Nc3 a6 6. Bc4 b5 7. Bb3 Bb7 8. O-O
e6 9. f3 Be7 10. Be3 O-O 11. Bxe6 fxe6 12. Nxe6 Qd7 13. Nxf8 1-0

[Event "AUTO-OPEN-1743"]
[Site "http://www.queenalice.com/game.php?id=801956"]
[Date "2010.7.11"]
[Round "3"]
[White "Rimp"]
[Black "merth"]
[Result "0-1"]
[WhiteElo "2138"]
[BlackElo "2422"]

1. d4 Nf6 2. c4 c5 3. e3 cxd4 4. exd4 Nc6 5. Nf3 d5 6. Bg5 Ne4 7. Be3 e5 8. a3
exd4 9. Nxd4 Bc5 10. Nc3 Bxd4 11. Bxd4 Nxc3 12. Bxc3 d4 13. Bd2 O-O 0-1

[Event "AUTO-MASTER-1041"]
[Site "http://www.queenalice.com/game.php?id=883617"]
[Date "2011.1.9"]
[Round "2"]
[White "Rimp"]
[Black "Giant"]
[Result "0-1"]
[WhiteElo "2155"]
[BlackElo "2340"]

1. d4 d5 2. c4 e6 3. Nf3 Nf6 4. e3 Bb4+ 5. Bd2 Be7 6. Nc3 O-O 7. Bd3 c6 8. O-O
dxc4 9. Bxc4 b6 10. a3 Bb7 11. Be2 a5 12. Qc2 Nbd7 13. Na2 c5 14. Nc3 cxd4 15.
exd4 Rc8 16. Qa4 Ne4 17. Nxe4 Bxe4 18. Rac1 h6 19. Rxc8 Qxc8 20. Rc1 Qb7 21. b4
axb4 22. axb4 Ra8 23. Qb3 b5 24. g3 Nf6 25. Ne5 Rb8 26. Bf3 Rd8 27. Bxe4 Nxe4
28. Be3 Rc8 29. Rxc8+ Qxc8 30. Nd3 Qc4 31. Qa3 Nc3 32. Ne5 Qxb4 33. Qxb4 Bxb4
34. Kf1 Nd5 35. Nd3 Bd6 36. Bc1 Kf8 37. Ke2 Ke7 38. Kd2 g5 39. Kc2 f6 40. Bb2 h5
41. Ba1 Kd7 42. Bb2 Kc6 43. Kb3 g4 44. Kc2 b4 45. Kb3 Kb5 46. Ba1 Nb6 47. Bb2
Nc4 48. Bc1 Na5+ 0-1

[Event "AUTO-MASTER-1041"]
[Site "http://www.queenalice.com/game.php?id=883618"]
[Date "2011.1.9"]
[Round "2"]
[White "Giant"]
[Black "Rimp"]
[Result "0-1"]
[WhiteElo "2355"]
[BlackElo "2136"]

1. d4 Nf6 2. c4 e6 3. a3 d5 4. Nc3 h6 5. e3 c6 6. Nf3 Bd6 7. Bd3 a6 8. b4 b5 9.
c5 Be7 10. O-O O-O 11. Bd2 Nbd7 12. e4 dxe4 13. Nxe4 Qc7 14. Qc1 Nh7 15. Bf4 Qd8
16. Bd6 Re8 17. Qf4 Bb7 18. Bc7 Qc8 19. Nd6 Bxd6 20. Bxh7+ Kxh7 21. Bxd6 Kg8 22.
Rab1 Qd8 23. Rfe1 Qf6 24. Qd2 Kh8 25. Re4 Qg6 26. Rb3 Qxe4 27. h3 Kg8 28. Re3
Qb1+ 29. Kh2 Qh7 30. Re1 Qf5 31. Qc3 Qf6 32. Kg1 Qd8 33. g4 a5 34. h4 axb4 35.
axb4 Ra4 36. Kg2 Qa8 37. g5 Ra2 38. Re3 f5 0-1